000 00974nam a2200265Ia 4500
003 OSt
005 20221005104625.0
006 a|||||r|||| 00| 0
007 ta
008 221004b |||||||| |||| 00| 0 hin d
024 _a4947
037 _bGift, 29/06/2013,
_cTextual
040 _aCRL
_cCRL
_bhin
041 _2hin
_ahin
082 _aO152,3:g, L3
100 _aमदान, इन्द्रनाथ
245 0 _aहिन्दी कहानी
_b पहचान और परख
246 _aHindī kahānī: pahachān aur parakha
260 _aदिल्ली
_bलिपि प्रकाशन भारत
_c1973
300 _a239पृ0
_ccm.
490 _aसमकसलीन साहित्य: मूल्यांकन; 1
650 _aहिन्दी साहित्य
942 _hO152,3:g, L3
_cTEXL
_2cc
999 _c1013277
_d1013277